Chapman Library

What is he like? (Record no. 5755)

000 -LEADER
fixed length control field 00257nam a22001097a 4500
020 ## - INTERNATIONAL STANDARD BOOK NUMBER
ISBN 0842310983
050 ## - LIBRARY OF CONGRESS CALL NUMBER
Classification number BT 130ker
100 ## - MAIN ENTRY--AUTHOR NAME
Personal name Kerr, William F.
245 ## - TITLE STATEMENT
Title What is he like?
260 ## - PUBLICATION, DISTRIBUTION, ETC. (IMPRINT)
Place of publication Wheaton Illinois
Name of publisher Tyndale House Publishers
Year of publication 127p.
942 ## - ADDED ENTRY ELEMENTS (KOHA)
Koha item type Books

No copies available.



CSUC Chapman Library is a Koha Automated Library.


Contact us: library@csuc.edu.gh.